Trouve le film associé à la chanson Disney - Statistiques

Statistiques générales
  • Ce quiz a été pris 341 fois
  • Le résultat moyen est 11 sur 15
Statistiques - réponses
Hint Réponse % Correct
L'Histoire de la vie Le roi lion
97%
Ce rêve bleu Aladdin
96%
Supercalifragilisticexpialidocius Mary Poppins
88%
Ne parlons pas de Bruno Encanto
83%
Je suis ton ami Toy stroy
83%
L'air du vent Pocahontas
82%
Le bleu lumière Vaiana
76%
Ne m'oublie pas Coco
75%
Un jour mon prince viendra Blanche-neige et les sept nains
74%
Où est la vraie vie ? Raiponce
73%
Partir là-bas La petite sirène
70%
Je veux savoir Tarzan
60%
Quand on prie la bonne étoile Pinocchio
58%
Je te cherche La reine des neiges
51%
Tendre rêve Cendrillon
50%
Aucun quiz correspondant
Distribution des résultats
% des personnes avec chaque résultat
Percentile par nombre de réponses
Votre historique - résultats
Vous n’avez pas pris ce quiz